000 00226nam a22001097a 4500
082 _aع ا ل
100 _aعادل سخیرانی
245 _aنین تکجی پیا
260 _c۱۹۹۲
300 _a۱۵۲
942 _cBK
999 _c11764
_d11764